000
00250nam a22001097a 4500
008
131217t xxu||||| |||| 00| 0 eng d
020
_a
0-00-616613-x
100
_a
Agatha Christie
_9
432
245
_a
Peril at End House
300
_a
340
942
_2
ddc
_c
BK
999
_c
16703
_d
16703